Statistics for All County Seats in Kansas

Click here to take the quiz!

General Stats

  • This quiz has been taken 24 times
  • The average score is 51 of 105

Answer Stats

CountyCounty Seat% Correct
WyandotteKansas City
100%
EllisHays
83%
DouglasLawrence
83%
LeavenworthLeavenworth
83%
JohnsonOlathe
83%
ShawneeTopeka
83%
SedgwickWichita
83%
DickinsonAbilene
75%
AtchisonAtchison
75%
FordDodge City
75%
BourbonFort Scott
75%
FinneyGarden City
75%
FranklinOttawa
75%
ClayClay Center
67%
ThomasColby
67%
BrownHiawatha
67%
GearyJunction City
67%
RileyManhattan
67%
SalineSalina
67%
WashingtonWashington
67%
WaubaunseeAlma
58%
ClarkAshland
58%
ButlerEl Dorado
58%
LyonEmporia
58%
ShermanGoodland
58%
BartonGreat Bend
58%
KiowaGreensburg
58%
GrahamHill City
58%
AllenIola
58%
McPhersonMcPherson
58%
BarberMedicine Lodge
58%
HarveyNewton
58%
NortonNorton
58%
CheyenneSaint Francis
58%
TregoWaKeeney
58%
CloudConcordia
50%
MorrisCouncil Grove
50%
EllsworthEllsworth
50%
WilsonFredonia
50%
AndersonGarnett
50%
GoveGove City
50%
JacksonHolton
50%
WichitaLeoti
50%
LincolnLincoln
50%
MeadeMeade
50%
MiamiPaola
50%
SmithSmith Center
50%
GreeleyTribune
50%
DoniphanTroy
50%
SumnerWellington
50%
PottawatomieWestmoreland
50%
CowleyWinfield
50%
WoodsonYates Center
50%
HarperAnthony
42%
GrayCimarron
42%
ComancheColdwater
42%
CherokeeColumbus
42%
ChaseCottonwood Falls
42%
LaneDighton
42%
GreenwoodEureka
42%
CrawfordGirard
42%
ElkHoward
42%
SheridanHoxie
42%
RenoHutchinson
42%
HodgemanJetmore
42%
KingmanKingman
42%
EdwardsKinsley
42%
SewardLiberal
42%
JewellMankato
42%
MarionMarion
42%
LinnMound City
42%
DecaturOberlin
42%
JeffersonOskaloosa
42%
LabetteOswego
42%
PhillipsPhillipsburg
42%
PrattPratt
42%
ScottScott City
42%
ChautaquaSedan
42%
WallaceSharon Springs
42%
HaskellSublette
42%
GrantUlysses
42%
RawlinsAtwood
33%
CoffeyBurlington
33%
StevensHugoton
33%
StantonJohnson City
33%
KearnyLakin
33%
PawneeLarned
33%
OsageLyndon
33%
RiceLyons
33%
MarshallMarysville
33%
NessNess City
33%
OsborneOsborne
33%
RussellRussell
33%
NemahaSeneca
33%
HamiltonSyracuse
33%
MortonElkhart
25%
OttawaMinneapolis
25%
StaffordSaint John
25%
RooksStockton
25%
MitchellBeloit
17%
NeoshoErie
17%
RushLa Crosse
17%
LoganOakley
17%
RepublicBelleville
8%
MontgomeryIndepedence
0%

Score Distribution

Percentile by Number Answered

Percent of People with Each Score

Your Score History

You have not taken this quiz